| 000 | 00908cab a2200265 4500 | ||
|---|---|---|---|
| 001 | ABS52881 | ||
| 008 | 090401t1995 xxu||||| |||| 00| 0 eng d | ||
| 035 | _a(Sirsi) u640 | ||
| 041 | _aeng | ||
| 100 | _aLangdon, M. | ||
| 245 | _aCourt decision illuminates an obscure piece of legislation | ||
| 260 | _c1995 | ||
| 350 | _a0 | ||
| 490 |
_aProperty Week _v51(8) 25 May 1995, 27(1) |
||
| 520 | _aConsiders "Bowring Services v Scottish Widows Fund and Life Assurance Society" (ABS52728) which highlights claims by adjoining landowners over the right to receive light through apertures. | ||
| 650 | _aBOWRING SERVICES V SCOTTISH WIDOWS FUND | ||
| 650 | _aCUSTOM OF LONDON | ||
| 650 | _aLOST MODERN GRANT | ||
| 650 | _aPRESCRIPTION ACT 1832 | ||
| 650 | _aRIGHT OF LIGHT ACT 1959 | ||
| 650 | _aRIGHTS TO LIGHT | ||
| 690 | _aHIGHWAYS RIGHTS OF WAY AND EASEMENTS | ||
| 942 | _n0 | ||
| 948 | _c04/03/1997 | ||
| 999 |
_c319 _d319 |
||